Historia de las guerras civiles del Perú (1544-1548) y de otros sucesos de las Indias / (Record no. 165200)

MARC details
000 -LEADER
campo de control de longitud fija 01017nam a22002175i 4500
001 - NÚMERO DE CONTROL
campo de control 165200
003 - IDENTIFICADOR DE NÚMERO DE CONTROL
campo de control ES-MaACL
005 - FECHA Y HORA DE LA ÚLTIMA TRANSACCIÓN
campo de control 20230906213102.0
008 - DATOS DE LONGITUD FIJA--INFORMACIÓN GENERAL
campo de control de longitud fija 150930m19041925sp |||| | spa d
100 1# - ENTRADA PRINCIPAL--NOMBRE DE PERSONA
Nombre de persona Gutiérrez de Santa Clara, Pedro.
9 (RLIN) 157751
245 10 - MENCIÓN DEL TÍTULO
Título Historia de las guerras civiles del Perú (1544-1548) y de otros sucesos de las Indias /
Mención de responsabilidad, etc. por Pedro Gutiérrez de Santa Clara.
260 ## - PUBLICACIÓN, DISTRIBUCIÓN, ETC.
Lugar de publicación, distribución, etc. Madrid :
Nombre del editor, distribuidor, etc. Librería General de Victoriano Suárez,
Fecha de publicación, distribución, etc. 1904-1925.
300 ## - DESCRIPCIÓN FÍSICA
Extensión 5 v. ;
Dimensiones 20 cm.
490 1# - MENCIÓN DE SERIE
Mención de serie Colección de libros y documentos referentes a la historia de América ;
Designación de volumen o secuencia 2-4, 10, 20
530 ## - NOTA DISPONIBLE DE FORMULARIO FÍSICO ADICIONAL
Nota de formato físico adicional disponible Disponible en formato digital.
651 #4 - PUNTO DE ACCESO ADICIONAL DE MATERIA--NOMBRE GEOGRÁFICO
Nombre geográfico Perú-
Subdivisión general Historia-
Subdivisión cronológica Descubrimiento y conquista, 1522-1548.
9 (RLIN) 9226
830 0# - PUNTO DE ACCESO ADICIONAL DE SERIE-TÍTULO UNIFORME
Título uniforme Colección de libros y documentos referentes a la historia de América ;
Designación de volumen o secuencia 2-4, 10, 20
9 (RLIN) 187663
852 ## - LOCALIZACIÓN
Ubicación ES-MaACL
Número de control de estantería R-2327-31
Encuadernación Olim: D.2302-21
856 ## - LOCALIZACIÓN Y ACCESO ELECTRÓNICOS
Identificador Uniforme de Recursos <a href="http://bdh-rd.bne.es/viewer.vm?id=0000175716&page=1 ">http://bdh-rd.bne.es/viewer.vm?id=0000175716&page=1 </a>
Nota pública Biblioteca Digital Hispánica
Holdings
Estatus retirado Estado de pérdida Estado de daño No para préstamo Colección Biblioteca de origen Biblioteca actual Ubicación en estantería Fecha de adquisición Fuente de adquisición Total de préstamos Signatura topográfica completa Código de barras Visto por última vez Precio de reemplazo Tipo de ítem Koha
        Colección digital Biblioteca del Ateneo de Madrid Biblioteca del Ateneo de Madrid Depósito 30/09/2015     R-2326-45 1194210 23/02/2023 23/02/2023 Libro impreso